000 00537cam a2200193ua 4500
001 2974
008 110920n ii |||gr||||Z||||||asm
040 _cMAIN
082 _a920
100 1 _aTaid, Tabu,
_eEditor.
245 1 1 _aBanikanta Kakati the man and his works
_ced. by Tabu Taid
250 _a1st.
260 _aGuahati:
_bPublication Board assam,988.
300 _a262p:
_c23cm.
653 _aBiography
653 _aBiography of Banikanta Kakati the man and his works
700 1 _aGoswami, Ranjit Dev,
_eEditor.
942 _cBK
999 _c2822
_d2822